000 01062pam a2200361 a 4500
001 4395403
003 OSt
005 20140310184332.0
008 920504s1993 nyu j 000 1 eng
010 _a 92016513
020 _a0590449222
040 _aDLC
_cDLC
_dDLC
042 _alcac
050 0 0 _aPZ 7
_b.B46626 1993
100 1 _aBetancourt, Jeanne.
_94862
245 1 0 _aMy name is Brain Brian /
_cJeanne Betancourt.
260 _aNew York :
_bScholastic,
_c1993.
300 _a128 p. :
_c22 cm.
521 _aG5
526 _c700
650 1 _aDyslexia
_xFiction.
_923940
650 1 _aSchools
_xFiction.
_923941
650 1 _aFriendship
_xFiction.
_923942
650 1 _aSelf-perception
_xFiction.
_923943
740 0 _aMy name is Brian.
906 _a7
_bcbc
_corignew
_d1
_eocip
_f19
_gy-gencatlg
942 _2lcc
_cBK-SCHOLAS
999 _c33687
_d33687